000 00401 a2200157 4500
005 20250617050850.0
020 _a0-13-027422-4
082 _a519.5 BOU
100 _aBOURREAU, N.
245 _aStudent's Solution Manual: Statistics for Manual
250 _a8th Ed.
260 _aNew York,
_bPrentice,
_c2000.
300 _av, 377p.; ill.; figure, table
_c25cm
700 _aMcCLAVE
942 _2ddc
_cBKS
999 _c4169
_d4169